| 000 | 00752cam a2200253 a 4500 | ||
|---|---|---|---|
| 001 | 000010106 | ||
| 005 | 20200929161839.0 | ||
| 008 | 920427s1994 sp 001 0 spa | ||
| 020 | _a847517177X | ||
| 040 |
_aDO-SdBNP _bspa _cLC _dBNPHU |
||
| 082 |
_a861.44 _bG993u, 1994 |
||
| 100 | 1 |
_aGuzmán, Almudena, _d1964- _925096 |
|
| 245 | 1 | 0 |
_aUsted / _cAlmudena Guzmán. |
| 250 | _a4a ed. | ||
| 260 |
_aMadrid : _bHiperión, _c1994. |
||
| 300 |
_a68 p. ; _c20 cm. |
||
| 490 | 1 |
_aPoesía Hiperión, _v98 |
|
| 500 | _a"Finalista del primer premio de Poesía Hiperión". | ||
| 650 | 4 |
_aPoesía española _9631 |
|
| 650 | 4 |
_aLiteratura española _9632 |
|
| 830 | 0 |
_aPoesía Hiperión, _v98 _914707 |
|
| 910 | _aCatalogación por copia / LC | ||
| 049 | _aBNGR | ||
| 999 |
_c9865 _d9865 |
||